00558cam a22002291 4500001001300000003000400013005001700017008004100034010001700075025001900092035002000111040002100131042001200152050001800164245003500182260001100217300002200228500001500250500001900265650002700284999001700311sa 64004404 DLC20260227112024.0940616s1962 ii 000 1 telo  asa 64004404  aPL480:I-Te-284 a(OCoLC)30618382 aDLCcCUdCUdDLC apremarc00aPL4780.8b.N500aNīticandrikā saṅgrahamu. c[1962] a28, 64 p.c18 cm. aIn Telugu. aShort stories. 0aShort stories, Telugu. c58477d58477